Orbit Shifting Innovation (Record no. 334888)

MARC details
000 -LEADER
fixed length control field 00513nam a2200169Ia 4500
008 - FIXED-LENGTH DATA ELEMENTS--GENERAL INFORMATION
fixed length control field 230718s9999 xx 000 0 und d
020 ## - INTERNATIONAL STANDARD BOOK NUMBER
International Standard Book Number 9788184003208
041 ## - LANGUAGE CODE
Language code of text/sound track or separate title eng
082 ## - DEWEY DECIMAL CLASSIFICATION NUMBER
Classification number 658.4062
Item number NAR
100 ## - MAIN ENTRY--PERSONAL NAME
Personal name Narang R.
9 (RLIN) 118478
245 ## - TITLE STATEMENT
Title Orbit Shifting Innovation
Remainder of title The Dynamics Of Ideas That Create History
260 ## - PUBLICATION, DISTRIBUTION, ETC. (IMPRINT)
Date of publication, distribution, etc. 2013
Name of publisher, distributor, etc. Random House India
300 ## - PHYSICAL DESCRIPTION
Extent 392
365 ## - TRADE PRICE
Currency code Rs.
Price amount 499.00
700 ## - ADDED ENTRY--PERSONAL NAME
Personal name Narang R. & Devalah D.
9 (RLIN) 195487
906 ## - LOCAL DATA ELEMENT F, LDF (RLIN)
d O:0366822-Jan-2014B:477019-Dec-2013
c GENRL
b 109.78
Holdings
Withdrawn status Lost status Damaged status Not for loan Home library Current library Date acquired Vendor Budget Code Cost, normal purchase price Bill number Total Checkouts Full call number Barcode Date last seen Discount Cost, replacement price Bill Date Koha item type Original Barcode
        Cummins College of Engineering for Women Pune Cummins College of Engineering for Women Pune 22/01/2014 Technical Book Services GENRL 389.22 4770   658.4062 CCEP-BK-46095 18/07/2023 109.78 499.00 19/12/2013 Books 046095